[Event "Perm op 04"]
[Site "Perm"]
[Date "2010.04.27"]
[Round "6"]
[White "Syrchikov, Alexander"]
[Black "Golenev, Robert"]
[Result "1-0"]
[WhiteElo "2250"]
[BlackElo "2106"]
[PlyCount "81"]
[EventDate "2010.04.22"]
[EventType "swiss"]
[EventRounds "9"]
[EventCountry "RUS"]
[SourceTitle "EXT 2012"]
[Source "ChessBase"]
[SourceDate "2011.11.24"]
[SourceVersion "1"]
[SourceVersionDate "2011.11.24"]
[SourceQuality "1"]

1. d4 d5 2. Nf3 Nf6 3. c4 c6 4. Nc3 e6 5. e3 Bd6 6. Bd3 Nbd7 7. cxd5 cxd5 8. 0-0 0-0 9. Bd2 Re8 10. Qb3 e5 11. dxe5 Nxe5 12. Nxe5 Bxe5 13. f4 Bxc3 14. Bxc3 Rxe3 15. Bxf6 Qb6 16. Qxb6 axb6 17. Rae1 Rxe1 18. Rxe1 Bd7 19. Bc3 Rxa2 20. Re7 Bc6 21. f5 f6 22. Be2 Ra8 23. Bh5 Ra4 24. Rc7 Kf8 25. b3 Rf4 26. g3 Re4 27. Kf2 b5 28. Bf3 Re8 29. Bb4+ Kg8 30. Bh5 Ra8 31. Ke3 Rb8 32. Kd4 Rd8 33. Bf7+ Kh8 34. Be7 Rb8 35. Bxd5 Bxd5 36. Kxd5 h5 37. Kc5 b6+ 38. Kxb5 Kg8 39. b4 Kh8 40. h4 Kg8 41. Rd7 1-0

[Event "Perm op 04"]
[Site "Perm"]
[Date "2010.04.24"]
[Round "3"]
[White "Golenev, Robert"]
[Black "Podvalnikov, Boris"]
[Result "0-1"]
[WhiteElo "2106"]
[BlackElo "2140"]
[PlyCount "128"]
[EventDate "2010.04.22"]
[EventType "swiss"]
[EventRounds "9"]
[EventCountry "RUS"]
[SourceTitle "EXT 2012"]
[Source "ChessBase"]
[SourceDate "2011.11.24"]
[SourceVersion "1"]
[SourceVersionDate "2011.11.24"]
[SourceQuality "1"]

1. Nf3 d5 2. c4 Nf6 3. cxd5 Qxd5 4. Nc3 Qd8 5. e4 e6 6. d4 Be7 7. Bd3 h6 8. 0-0 Nc6 9. Ne2 Nh7 10. Be3 Ng5 11. Nxg5 hxg5 12. Rc1 a6 13. Bb1 Qd6 14. e5 Qd8 15. Ng3 Rh4 16. Be4 Nb4 17. f3 Nd5 18. Bf2 c6 19. a3 Rh6 20. Qd3 Kf8 21. Ne2 Bd7 22. Bg3 Be8 23. f4 gxf4 24. Nxf4 Nxf4 25. Bxf4 Bg5 26. g3 Bxf4 27. Rxf4 Qb6 28. Qc3 Rd8 29. Bf3 Ke7 30. Kg2 Bd7 31. Rf1 Rdh8 32. Rh1 Rh3 33. Bg4 R3h6 34. h3 g5 35. Rf2 a5 36. Rhf1 Be8 37. b4 a4 38. Qc5+ Qxc5 39. bxc5 R6h7 40. Rb2 Kd8 41. Rxb7 f5 42. Rxh7 Rxh7 43. Be2 Rb7 44. Bc4 Ke7 45. Ba2 Rb2+ 46. Rf2 Rb8 47. Rd2 Bh5 48. Kf2 Bf7 49. Ke3 Bg6 50. h4 f4+ 51. gxf4 gxh4 52. Rh2 Rh8 53. Bc4 h3 54. Be2 Bf5 55. Bf3 Rb8 56. Bd1 Rb1 57. Bxa4 Kd7 58. Rd2 Ra1 59. Bd1 Rxa3+ 60. Kf2 h2 61. Bf3 Rxf3+ 62. Kg2 Rh3 63. Rd1 Rh7 64. Re1 Be4+ 0-1

[Event "Perm op-A 03"]
[Site "Perm"]
[Date "2009.03.12"]
[Round "2"]
[White "Zhulanov, Viktor"]
[Black "Golenev, Robert"]
[Result "1-0"]
[WhiteElo "2037"]
[BlackElo "1965"]
[PlyCount "75"]
[EventDate "2009.03.11"]
[EventType "swiss"]
[EventRounds "9"]
[EventCountry "RUS"]
[SourceTitle "EXT 2022"]
[Source "ChessBase"]
[SourceDate "2021.10.06"]
[SourceVersion "1"]
[SourceVersionDate "2021.10.06"]
[SourceQuality "1"]

1. c4 Nf6 2. Nf3 d6 3. d4 Nbd7 4. Nc3 e5 5. e4 c6 6. g3 g6 7. Bg2 Bg7 8. 0-0 0-0 9. h3 Re8 10. Re1 h6 11. Be3 Kh7 12. Qc2 Qc7 13. b4 a5 14. b5 exd4 15. Bxd4 Ne5 16. Nxe5 dxe5 17. b6 Qe7 18. Be3 Be6 19. c5 Red8 20. Red1 Rxd1+ 21. Rxd1 Nd7 22. Na4 Bf8 23. Bf1 f5 24. Bc4 fxe4 25. g4 Nf6 26. Rd6 Nd5 27. Qxe4 Qf7 28. Qxe5 Bxd6 29. cxd6 Re8 30. Nc5 Bxg4 31. Bxd5 cxd5 32. Qf4 Qxf4 33. Bxf4 Bc8 34. d7 Bxd7 35. Nxd7 Re1+ 36. Kg2 d4 37. Nc5 g5 38. Bd2 1-0

[Event "Perm op-B 11"]
[Site "Perm"]
[Date "2008.11.24"]
[Round "5"]
[White "Golenev, Robert"]
[Black "Tsapalin, Sergey"]
[Result "1-0"]
[WhiteElo "2082"]
[BlackElo "1939"]
[PlyCount "115"]
[EventDate "2008.11.20"]
[EventType "swiss"]
[EventRounds "7"]
[EventCountry "RUS"]
[SourceTitle "EXT 2022"]
[Source "ChessBase"]
[SourceDate "2021.10.06"]
[SourceVersion "1"]
[SourceVersionDate "2021.10.06"]
[SourceQuality "1"]

1. d4 Nf6 2. c4 c5 3. d5 e5 4. Nc3 d6 5. e4 Be7 6. Nf3 0-0 7. Be2 Na6 8. 0-0 Nc7 9. Ne1 a6 10. a4 b6 11. Nd3 Rb8 12. b4 Nd7 13. Rb1 a5 14. bxa5 bxa5 15. Rxb8 Nxb8 16. f4 Bf6 17. fxe5 Bxe5 18. Nxe5 dxe5 19. Be3 Nba6 20. Qd2 Ne8 21. Nb5 Qb6 22. Qc3 f6 23. Bd3 Rf7 24. Rb1 Rb7 25. Qd2 Nb4 26. Rb3 Nd6 27. Qf2 Nxd3 28. Rxd3 Nxe4 29. Qa2 Nd6 30. h3 Bd7 31. Rc3 Rb8 32. Rc1 Nf5 33. Bf2 Nd4 34. Kh1 Bf5 35. Rc3 Re8 36. Be3 Rc8 37. Qf2 Bd7 38. Rc1 Qd8 39. Rb1 Rb8 40. Qd2 Bxb5 41. axb5 a4 42. Qa2 Ra8 43. Qa3 Qb6 44. Rb2 Kf7 45. Qd3 g6 46. Ra2 Qa5 47. Bd2 Qc7 48. Ra3 Qe7 49. Qb1 f5 50. Qa2 Qa7 51. Bc3 Kg7 52. Qf2 Qe7 53. Qe1 Kf7 54. Qd1 Qa7 55. Ra2 e4 56. Qd2 Kg8 57. Qf4 Qe7 58. b6 1-0